Problémy a riziká slovenských spoločností pri expanzii na čínsky trh diplomová práca

Salvato in:
Dettagli Bibliografici
Autore principale: Rajčoková, Kristína
Ente Autore: Obchodná fakulta EU. Katedra medzinárodného obchodu
Altri autori: Zábojník, Stanislav, 1984-
Natura: Libro
Lingua:slovacco
Pubblicazione: Bratislava 2015
Tags: Aggiungi Tag
Nessun Tag, puoi essere il primo ad aggiungerne!!

MARC

LEADER 00000nbm a2200000 4500
001 0203131
005 20161212104844.0
041 0 |a slo 
044 |a SK 
245 1 0 |a Problémy a riziká slovenských spoločností pri expanzii na čínsky trh  |b diplomová práca  |c Kristína Rajčoková ; školiteľ: Stanislav Zábojník 
264 1 |a Bratislava  |c 2015 
300 |a 87 s. 
100 1 |a Rajčoková, Kristína 
700 1 |a Zábojník, Stanislav, 1984- 
710 2 |a Obchodná fakulta EU. Katedra medzinárodného obchodu